Pierce the Veil - Pass The Nirvana - Statistics

General Stats
  • This quiz has been taken 7 times
  • The average score is 182 of 268
Answer Stats
Answer % Correct
a
100%
can
100%
can't
100%
give
100%
go
100%
good
100%
hear
100%
I
100%
let
100%
roll
100%
say
100%
the
100%
times
100%
up
100%
you
100%
always
80%
and
80%
kick
80%
mind
80%
my
80%
on
80%
open
80%
show
80%
through
80%
to
80%
your
80%
blood
60%
breathe
60%
cause
60%
clear
60%
come
60%
day
60%
every
60%
eye
60%
eyes
60%
fucking
60%
home
60%
i'll
60%
I'm
60%
it
60%
like
60%
loud
60%
now
60%
of
60%
punk
60%
rock
60%
saying
60%
shit
60%
single
60%
so
60%
tension
60%
that
60%
try
60%
unimpaired
60%
until
60%
was
60%
why
60%
will
60%
would
60%
you're
60%
back
40%
bleeding
40%
but
40%
did'nt
40%
drop
40%
feel
40%
high
40%
if
40%
injured
40%
is
40%
life
40%
me
40%
motion
40%
nose
40%
rolling
40%
row
40%
save
40%
season
40%
Sink
40%
slow
40%
soaked
40%
suicide
40%
they're
40%
this
40%
upon
40%
uppercut
40%
we
40%
ablaze
20%
batter
20%
bleeds
20%
blind
20%
coming
20%
dark
20%
draw
20%
fashion
20%
fires
20%
further
20%
get
20%
gun
20%
hit
20%
homes
20%
inside
20%
into
20%
let's
20%
light
20%
little
20%
Meany
20%
neighborhood
20%
never
20%
off
20%
one
20%
Paul
20%
Pennywise
20%
play
20%
power
20%
right
20%
set
20%
swing
20%
target
20%
turn
20%
without
20%
beast
0%
gentrified
0%
lines
0%
sad
0%
shine
0%
skid
0%
soffit
0%
stepped
0%
No matching quizzes found
Score Distribution
Percent of People with Each Score
Percentile by Number Answered
Your Score History
You have not taken this quiz